000 00724nam a2200217Ia 4500
001 15849
003 GE_BSU
008 181216s||||||||xx |||||||||||||| ||und||
040 _cGE_BSU
100 _aხოფერია, ჯემალ
245 _aწვიმიანი დღის ქრონიკა
245 _bმოთხრობები
245 _cრედ.ლ.ბეჟანიძე. მხ.თ.დიასამიძე
260 _aბათუმი
260 _bსაბჭ. აჭარა
260 _c1973
300 _a184გვ. ; 17სმ.
653 _aმოთხრობები
653 _aწვიმიანი დღის ქრონიკა
942 _cBK
999 _c48946
_d48946